000 00747nam a22002055i 4500
001 172359
003 ES-MaACL
005 20250516163849.0
008 090626s1975 fr |||| | fre d
080 _a782.6
100 1 _aMeilhac, Henri.
_9129795
245 1 3 _aLa Périchole
_b: opéra-bouffe en 3 actes et 4 tableaux /
_cmusique de Jacques Offenbach ; paroles de Henri Meilhac et Ludovic Halévy.
260 _aParis :
_bGérard Billaudot, 1975.
300 _a142 p. ;
_c18 cm.
650 1 4 _aÓperas-
_vLibretos.
_9137584
700 1 _aHalévy, Ludovic,
_d1834-1908
_9240505
700 1 _aOffenbach, Jacques.
_986559
852 4 _aES-MaACL
_jE-12727
_9R.190315
_z. - Biblioteca Jacinto Martínez Lacalle
999 _c172359
_d172359